ბათუმის შოთა რუსთაველის სახელმწიფო უნივერსიტეტის ბიბლიოთეკა

ტურისტული მარშრუტების მოდელირება : (ბიბ.ჩანაწერი № 58702)

000 -ლიდერი
ფიქსირებული სიგრძის საკონტროლო ველი 01380nam a22002417a 4500
003 - საკონტროლო ნომრის იდენტიფიკატორი
საკონტროლო ველი Ge_BSU
005 - ბოლო ოპერაციის თარიღი და დრო
საკონტროლო ველი 20220701105718.0
008 - ფიქსირებული სიგრძის მონაცემთა ელემენტები - ზოგადი ინფორმაცია
ფიქსირებული სიგრძის საკონტროლო ველი 220701s2013 ge ||||| |||| 00| 0 geo d
020 ## - წიგნის საერთაშორისო სტანდარტული ნომერი
International Standard Book Number 9789941221361
041 ## - ენის კოდი
Language code of text/sound track or separate title geo
080 ## - უნივერსალური ათობითი კლასიფიკაციის ინდექსი
Universal Decimal Classification number 338.48(072)+796.5(072) ბ-70
100 ## - მთავარი ჩანაწერი - პიროვნების სახელი
Personal name ბირიცკაია, ნატალია
9 (RLIN) 14267
245 ## - ცნობა სათაურის შესახებ
Title ტურისტული მარშრუტების მოდელირება :
Remainder of title სასწ.-მეთოდ. სახელმძღვ.
Statement of responsibility, etc ნატალია ბირიცკაია, ნიკო კვარაცხელია, ნაზი ალხანაშვილი ; რედ. ვახტანგ სართანია.
264 ## - წარმოების, გამოცემის, დისტრიბუციის და სხვა ცნობები
გამოცემის, წარმოების, დისტრიბუციის... ადგილი თბ. :
გამოცემის, წარმოების, დისტრიბუციის... სახელწოდება უნივერსალი,
გამოცემის, წარმოების, დისტრიბუციის... თარიღი 2013.
300 ## - ფიზიკური აღწერა
Extent 232 გვ. :
Other physical details ცხრ., ნახ. ;
Dimensions 20 სმ.
501 ## - შენიშვნა თანმხლებ მასალაზე
With note დანართები: გვ. 207-231.
504 ## - BIBLIOGRAPHY, ETC. NOTE
Bibliography, etc ბიბლიოგრ. ტექსტ. შენიშვნ. და გვ. 204-206.
653 ## - INDEX TERM--UNCONTROLLED
Uncontrolled term ტურიზმის ეკონომიკა
700 ## - ADDED ENTRY--PERSONAL NAME
Personal name კვარაცხელია, ნიკო
Relator term ავტორი
9 (RLIN) 14268
700 ## - ADDED ENTRY--PERSONAL NAME
Personal name ალხანაშვილი, ნაზი
Relator term ავტორი
9 (RLIN) 14269
700 ## - ADDED ENTRY--PERSONAL NAME
Personal name სართანია, ვახტანგ
Relator term ავტორი
9 (RLIN) 14270
942 ## - ADDED ENTRY ELEMENTS (KOHA)
Source of classification or shelving scheme
Koha item type წიგნი
ეგზემპლარები
ჩამოწერის სტატუსი დაკარგული ეგზემპლარის სტატუსი კლასიფიკაციის წყარო ან თაროზე გაწყობის სქემა დაზიანების სტატუსი არ გაიცემა მუდმივი მდებარეობა (დაცვის ადგილი) ამჟამინდელი ადგილსამყოფელი თაროზე განთავსების ადგილი შეძენის თარიღი ღირებულება, შესყიდვის ნორმალური ფასი სრული შენახვის შიფრი შტრიხკოდი ბოლო ოპერაციის თარიღი ეგზემპლარის მიმდევრობითი ნომერი (კეტერი?) ფასის ძალაში შესვლის თარიღი ეგზემპლარის სახეობა საჯარო შენიშვნა
          ბათუმის შოთა რუსთაველის სახელმწიფო უნივერსიტეტის მთავარი ბიბლიოთეკა ბათუმის შოთა რუსთაველის სახელმწიფო უნივერსიტეტის მთავარი ბიბლიოთეკა წიგნსაცავი 2022-07-01 12.00 338.48(072)+796.5(072) ბ-70 62932 2022-07-01 32932 2022-07-01 წიგნი 12 ლ.